00291nam a2200121Ia 45000030006000000080041000060400015000471000019000622450050000812600009001315460012001400050017001520STCL150530s9999 xx 000 0 und d aSTCLcSTCL aLowenstein, O. aComparative physiology and biochemistry vol-2 c1966 aEnglish20220125170427.0